000 00609nam a2200181 i 4500
001 109892
003 ES-MaACL
005 20250728063127.0
007 t|
008 061121s1920 sp r ||||1| spa d
100 1 _aHernández-Pacheco, Eduardo,
_d1872-1965
_963012
245 1 3 _aLa caverna de la Peña de Candamo (Asturias) /
_cEduardo Hernández-Pacheco y Esteban.
260 _aZaragoza :
_b[s.n.],
_c1920.
650 4 _aArte prehistórico-
_zAsturias (Comunidad Autónoma)
_910271
651 4 _aCueva de la Peña (Asturias)
_9159309
852 _aES-MaACL
_j1586-F-3
999 _c109892
_d109892